Amsterdam Schiphol Destinations - Statistics

General Stats
  • This quiz has been taken 89 times
  • The average score is 161 of 231
Answer Stats
Country Airlines Destination % Correct
Austria Austrian, easyJet, KLM Vienna
100%
Argentina KLM Buenos Aires
98%
Hong Kong KLM, Cathay Pacific Hong Kong
96%
Canada KLM, Air Canada Toronto
96%
Denmark easyJet, KLM, Norwegian, SAS Copenhagen
95%
Ireland Ryanair, KLM, Aer Lingus Dublin
95%
France Air France, KLM, Transavia, Transavia France Paris
95%
Brazil KLM Rio de Janeiro
95%
Brazil KLM Sao Paulo
95%
Canada KLM Vancouver
95%
Greece Aegean Airlines, KLM, Transavia Athens
93%
China KLM Beijing
93%
Belgium KLM Brussels
93%
Finland Finnair, KLM Helsinki
93%
Mexico Aeromexico, KLM Mexico City
93%
Czech Republic easyJet, KLM, Vueling Prague
93%
Iceland Icelandair, PLAY, Transavia Reykjavik
93%
Chile KLM Santiago
93%
Spain Vueling Santiago de Compostela
93%
China KLM, China Eastern Shanghai
93%
Bulgaria Bulgaria Air Sofia
93%
Japan KLM Tokyo
93%
Croatia Croatia Airlines, KLM Zagreb
93%
Colombia KLM Bogota
91%
Egypt KLM, EgyptAir Cairo
91%
Turkey KLM, Pegasus, Turkish Airlines Istanbul
91%
Portugal easyJet, KLM, TAP Air Portugal, Transavia, Vueling Lisbon
91%
Italy easyJet, ITA Airways, KLM Milan
91%
Canada KLM Montreal
91%
Russia Aeroflot, KLM Moscow
91%
India KLM Mumbai
91%
Germany KLM, Lufthansa Munich
91%
India KLM New Delhi
91%
Norway KLM, Norwegian, SAS Oslo
91%
Italy easyJet, ITA Airways, KLM, Vueling Rome
91%
Sweden KLM, Norwegian, SAS Stockholm
91%
Poland KLM, LOT Polish Airlines Warsaw
91%
Spain KLM, Transavia, Vueling Barcelona
89%
Germany easyJet, KLM Berlin
89%
Romania KLM, Blue Air, TAROM Bucharest
89%
United Arab Emirates KLM, Emirates, Transavia Dubai
89%
Switzerland easyJet, KLM Geneva
89%
Germany KLM, Eurowings Hamburg
89%
United States KLM Los Angeles
89%
Spain Air Europe, Iberia, KLM Madrid
89%
United States KLM, Delta Airlines New York City
89%
Singapore KLM, Singapore Airlines Singapore
89%
Estonia AirBaltic Tallinn
89%
United Arab Emirates Etihad Abu Dhabi
88%
Qatar Qatar Airways Doha
88%
Indonesia KLM, Garuda Indonesia Jakarta
88%
Ukraine KLM, Ukrainian International Airlines Kiev
88%
United Kingdom KLM, British Airways, easyJet London
88%
United Kingdom easyJet, KLM Manchester
88%
United States KLM Miami
88%
Portugal KLM, Transavia Porto
88%
United States KLM San Francisco
88%
Hungary easyJet, KLM Budapest
86%
South Africa KLM Cape Town
86%
United States KLM, United Airlines Chicago
86%
United Kingdom easyJet, KLM Edinburgh
86%
United Kingdom easyJet, KLM Glasgow
86%
Luxembourg KLM Luxembourg
86%
Philippines KLM Manila
86%
Ecuador KLM Quito
86%
Cape Verde Corendon Dutch Airlines, TUI Fly Sal
86%
Austria easyJet, Transavia Salzburg
86%
South Korea KLM, Korean Air Seoul
86%
Russia KLM St. Petersburg
86%
Switzerland KLM, Swiss Zurich
86%
Turkey Sun Express, Turkish Airlines Ankara
84%
United States American Dallas/ Fort Worth
84%
Germany KLM, Lufthansa Frankfurt
84%
South Africa KLM Johannesburg
84%
Poland KLM Krakow
84%
Malaysia KLM Kuala Lumpur
84%
France KLM Lyon
84%
France Air France Marseille
84%
Italy easyJet, Transavia Naples
84%
Japan KLM Osaka
84%
Israel KLM, easyJet, El Al, Transavia Tel Aviv
84%
United States KLM, Delta Airlines Atlanta
82%
Thailand KLM Bangkok
82%
Serbia Air Serbia, KLM Belgrade
82%
Canada KLM Calgary
82%
Peru KLM Lima
82%
France easyJet, KLM, Transavia Nice
82%
Panama KLM Panama City
82%
Latvia AirBaltic Riga
82%
United States Delta Airlines Seattle
82%
Spain Transavia Seville
82%
France KLM Bordeaux
80%
United States KLM, Delta Airlines Boston
80%
Morocco Royal Air Maroc, Transavia Casablanca
80%
Germany KLM Dusseldorf
80%
Italy KLM, Vueling Florence
80%
United States KLM, United Airlines Houston
80%
Austria easyJet, Transavia Innsbruck
80%
Kuwait KLM, Kuwait Airlines Kuwait
80%
Kenya KLM, Kenya Airways Nairobi
80%
Croatia KLM Split
80%
Italy KLM Turin
80%
Italy easyJet, KLM Venice
80%
Lithuania AirBaltic Vilnius
80%
Norway KLM Bergen
79%
Ireland KLM, Aer Lingus Cork
79%
United Kingdom easyJet Liverpool
79%
Spain easyJet, Ryanair, Transavia, KLM, Vueling Malaga
79%
Saudi Arabia KLM, Saudi Arabian Riyadh
79%
Costa Rica KLM San Jose
79%
Taiwan KLM, China Airlines Taipei
79%
United States KLM, United Airlines Washington D.C.
79%
Jordan Royal Jordanian Airlines, Transavia Amman
77%
Kingdom of the Netherlands KLM, TUI Fly Aruba
77%
Lebanon Transavia Beirut
77%
United Kingdom KLM, easyJet, Jet2.com, Birmingham
77%
China China Southern Guangzhou
77%
Nigeria KLM Lagos
77%
Morocco Transavia Marrakesh
77%
Spain KLM, Transavia, Vueling Valencia
77%
Saudi Arabia Saudia Jeddah
75%
Bahrain KLM Manama
75%
Switzerland easyJet, KLM Basel
73%
United Kingdom easyJet, KLM Belfast
73%
Spain KLM, Vueling Bilbao
73%
United Kingdom KLM Cardiff
73%
Poland KLM Gdansk
73%
Sweden KLM Gothenburg
73%
Slovenia Transavia Ljubljana
73%
Georgia Georgian Airways Tbilisi
73%
France KLM Toulouse
73%
China Xiamen Airlines Xiamen
73%
Ghana KLM Accra
71%
Kingdom of the Netherlands KLM, TUI Fly Curacao
71%
Tanzania KLM Dar es Salaam
71%
Italy KLM Genoa
71%
Turkey Corendon Airlines, Sun Express Izmir
71%
United Kingdom KLM, Jet2.com Leeds
71%
Oman KLM Muscat
71%
United Kingdom KLM Aberdeen
70%
Mexico KLM Cancun
70%
Canada KLM Edmonton
70%
Austria KLM Graz
70%
Malta Air Malta Malta
70%
Spain easyJet, Transavia, Vueling, TUI Fly Tenerife
70%
Spain Transavia Palma de Mallorca
68%
Greece Transavia Thessaloniki
68%
Germany KLM Bremen
66%
United States KLM Las Vegas
66%
France Air France Nantes
66%
United Kingdom KLM Newcastle
66%
Kingdom of the Netherlands KLM St. Maarten
66%
Italy Transavia Bari
64%
Italy KLM Bologna
64%
Ecuador KLM Guayaquil
64%
Germany KLM Hanover
64%
Greece Transavia Heraklion
64%
Spain Transavia Ibiza
64%
Suriname KLM, Surinam Airways Paramaribo
64%
Germany Eurowings, KLM Stuttgart
64%
Germany KLM Dresden
63%
Rwanda KLM Kigali
63%
Italy Transavia Pisa
63%
United Kingdom KLM Southampton
63%
Spain easyJet, KLM, Transavia, Vueling Alicante
61%
Turkey Corendon Airlines, AnadoluJet, Sun Express, Antalya
61%
Kingdom of the Netherlands KLM, TUI Fly Bonaire
61%
United Kingdom easyJet, KLM Bristol
61%
United States Delta Airlines Detroit
61%
Egypt easyJet Sharm El Sheikh
61%
Morocco Air Arabia Maroc, Royal Air Maroc Tanger
61%
Italy Transavia Verona
61%
China KLM Chengdu
59%
Morocco Air Arabia Maroc Fez
59%
Tanzania KLM Zanzibar
59%
Denmark KLM Aalborg
57%
Portugal easyJet, Transavia Faro
57%
Germany KLM Nuremberg
57%
Trinidad & Tobago KLM Port of Spain
57%
Poland KLM Wroclaw
57%
Colombia KLM Cartagena
54%
Egypt easyJet, Corendon Dutch Airlines, TUI Fly, Transavia Hurghada
54%
Italy KLM, Transavia Catania
52%
United States United Airlines Newark
52%
France Air France Strasbourg
52%
Norway KLM Trondheim
52%
Barbados KLM Bridgetown
50%
United States KLM, Delta Airlines Minneapolis
50%
Saudi Arabia KLM Dammam
48%
Cyprus Transavia Larnaca
48%
United States Delta Airlines Salt Lake City
48%
Norway KLM Stavanger
48%
Jamaica TUI Fly Montego Bay
46%
Denmark KLM Billund
45%
Iraq UR Airlines Erbil
45%
Spain TUI Fly, easyJet, Transavia, Vueling Gran Canaria
45%
Dominican Republic TUI Fly Punta Cana
45%
France Air France Rennes
45%
Portugal Transavia Funchal
43%
Tanzania KLM Kilimanjaro
43%
United Kingdom KLM Inverness
41%
Poland KLM Poznan
41%
Gambia Corendon Airlines Banjul
39%
France KLM Montpellier
39%
Uganda KLM Entebbe
38%
China KLM Hangzhou
38%
Costa Rica KLM Liberia
36%
Egypt Transavia, TUI Fly Marsa Alam
36%
Finland Transavia Rovaniemi
36%
Spain TUI Fly, easyJet, Transavia, Vueling Lanzarote
34%
Spain Transavia, TUI Fly Fuerteventura
32%
Norway KLM Kristiansand
32%
United Kingdom KLM Norwich
32%
Spain Vueling Las Palmas
30%
Cape Verde TUI Fly Boa Vista
27%
United Kingdom KLM Humberside
27%
Morocco Air Arabia Maroc, Royal Air Maroc Nador
27%
Italy Transavia Olbia
27%
Turkey Corendon Airlines, Sun Express Konya
25%
Cuba TUI Fly Varadero
23%
Denmark KLM Aalesund
21%
Finland Transavia, Corendon Dutch Airlines, TUI Fly Kittilä
21%
Turkey Corendon Airlines, Sun Express Kayseri
20%
Kazakhstan Air Astana Atyrau
16%
Sweden KLM Linkoping
16%
United Kingdom KLM Durham
14%
Norway KLM Sandefjord
13%
Finland Transavia, TUI Fly Ivalo
11%
Finland Transavia Kuusamo
11%
Cape Verde TUI Fly Sao Vincente
9%
Sweden Transavia Skelleftea
0%
No matching quizzes found
Score Distribution
Percent of People with Each Score
Percentile by Number Answered
Your Score History
You have not taken this quiz